| 000 | 00667nam a2200241 a 4500 | ||
|---|---|---|---|
| 001 | 0001-1057 | ||
| 003 | ELIB.Books | ||
| 008 | 141205 2010 eng | ||
| 020 | _a1558740147 | ||
| 035 | _a(ELIB.Books)0001-1212 | ||
| 092 |
_a616.85 _bMid |
||
| 100 | _aMiddelton-Moz, Jane | ||
| 245 |
_aChildren of Trauma: _bRediscovering Your Discarded Self |
||
| 260 |
_aFlorida _bHealth Communications, Inc. _c1989 |
||
| 300 |
_a185 _c21.5 Cm |
||
| 500 | _aDr. Yahalaylayla | ||
| 650 | _aMental Health | ||
| 856 |
_nKBTS; Library _uKBTS; Elib. |
||
| 942 |
_2ddc _cBK |
||
| 990 | _a2 | ||
| 998 |
_cbat _e2014-12-05 _mcat _u2019-07-05 |
||
| 999 |
_c11057 _d11057 |
||